00543nam a2200145Ia 4500008004100000020001800041050002000059100003600079245009000115260002800205300001100233650002700244952010900271999001700380120626s9999 xx 000 0 und d a970-564-779-7 aPN1994 F66 2001 aMercader, Yolanda (Compiladora) aCruzando fronteras cinematográficas / Luna Patricia : Yolanda Mercader compiladoras aMexico : UAM-Xochimilco a270 p. a1. Cine - CongresosÌ 00104070a11b11d2008-08-22l1oPN1994 F66 2001p11 007250r2014-10-23s2014-10-23t1w2012-06-26yLB c71933d71933